The Canterbury tales
Salvato in:
| Autore principale: | |
|---|---|
| Natura: | Libro |
| Lingua: | inglese |
| Pubblicazione: |
Baltimore
Penguin Books
1958
|
| Edizione: | 1a. ed |
| Soggetti: | |
| Tags: |
Aggiungi Tag
Nessun Tag, puoi essere il primo ad aggiungerne!!
|
MARC
| LEADER | 00000cam a2200000 a 4500 | ||
|---|---|---|---|
| 001 | UCE0761 | ||
| 003 | CL-VaPUC | ||
| 008 | 140307e19581000us |||||||||||||||||eng|d | ||
| 082 | 0 | 4 | |a 821 |b CHA |2 21 |
| 100 | |a Chaucer, Geoffrey |d ca. 1343-1400 |e author |9 308260 | ||
| 245 | 1 | 4 | |a The Canterbury tales |
| 250 | |a 1a. ed | ||
| 300 | |a 521 p | ||
| 942 | |c BK | ||
| 945 | |d 20140307 11:03:00 |a dcastane | ||
| 260 | |a Baltimore |b Penguin Books |c 1958 | ||
| 650 | 0 | |a Poesías inglesas |9 265094 | |
| 650 | 0 | |a Literatura inglesa |9 312907 | |
| 583 | |a last modification |c 20140307 11:03:00 |k Rodrigo Vera | ||
| 999 | |c 354790 |d 354788 | ||
| 952 | |0 0 |1 0 |3 erb |4 0 |6 821_000000000000000_CHA_1958 |7 0 |8 A |9 460975 |a BIBEDU |b BIBEDU |i 5018560 |l 2 |o 821 CHA 1958 |p 5018560 |r 2023-03-27 |s 2023-03-27 |w 2019-11-23 |y BK |z Catalogado en:20140307 |k LIT | ||